Guess the Movie by Drawings of Actors #1 - Statistics

General Stats
  • This quiz has been taken 59 times
  • The average score is 8 of 15
Answer Stats
Picture Answer % Correct
Gladiator
91%
Catwoman
89%
Charlie's Angels
79%
The Mask
77%
Braveheart
75%
Bad Teacher
72%
Robin Hood
72%
X-Men: The Last Stand
68%
Lethal Weapon
57%
Mad Max
26%
L.A. Confidential
21%
Monster's Ball
19%
Mighty Joe Young
8%
The Italian Job
8%
Reindeer Games
6%
No matching quizzes found
Score Distribution
Percent of People with Each Score
Percentile by Number Answered
Your Score History
You have not taken this quiz